<?xml version="1.0" encoding="UTF-8"?>
<collection xmlns="http://www.loc.gov/MARC21/slim">
 <record>
  <leader>03274cam a2200673   4500</leader>
  <controlfield tag="001">679690697</controlfield>
  <controlfield tag="003">DE-627</controlfield>
  <controlfield tag="005">20230203061434.0</controlfield>
  <controlfield tag="007">tu</controlfield>
  <controlfield tag="008">111214s2011    gw |||||      00| ||ger c</controlfield>
  <datafield tag="020" ind1=" " ind2=" ">
   <subfield code="a">9783518294611</subfield>
   <subfield code="c">14,-€</subfield>
   <subfield code="9">978-3-518-29461-1</subfield>
  </datafield>
  <datafield tag="035" ind1=" " ind2=" ">
   <subfield code="a">(DE-627)679690697</subfield>
  </datafield>
  <datafield tag="035" ind1=" " ind2=" ">
   <subfield code="a">(DE-576)362535523</subfield>
  </datafield>
  <datafield tag="035" ind1=" " ind2=" ">
   <subfield code="a">(DE-599)GBV679690697</subfield>
  </datafield>
  <datafield tag="035" ind1=" " ind2=" ">
   <subfield code="a">(OCoLC)934664954</subfield>
  </datafield>
  <datafield tag="035" ind1=" " ind2=" ">
   <subfield code="a">(OCoLC)934664954</subfield>
  </datafield>
  <datafield tag="040" ind1=" " ind2=" ">
   <subfield code="a">DE-627</subfield>
   <subfield code="b">ger</subfield>
   <subfield code="c">DE-627</subfield>
   <subfield code="e">rakwb</subfield>
  </datafield>
  <datafield tag="041" ind1=" " ind2=" ">
   <subfield code="a">ger</subfield>
   <subfield code="h">fre</subfield>
  </datafield>
  <datafield tag="044" ind1=" " ind2=" ">
   <subfield code="c">XA-DE-HE</subfield>
  </datafield>
  <datafield tag="082" ind1="0" ind2=" ">
   <subfield code="a">300</subfield>
   <subfield code="q">BSZ</subfield>
  </datafield>
  <datafield tag="082" ind1="0" ind2="4">
   <subfield code="a">300</subfield>
  </datafield>
  <datafield tag="084" ind1=" " ind2=" ">
   <subfield code="a">CC 6600</subfield>
   <subfield code="q">BVB</subfield>
   <subfield code="2">rvk</subfield>
   <subfield code="0">(DE-625)rvk/17661:</subfield>
  </datafield>
  <datafield tag="084" ind1=" " ind2=" ">
   <subfield code="a">MQ 3445</subfield>
   <subfield code="2">rvk</subfield>
   <subfield code="0">(DE-625)rvk/123448:11633</subfield>
  </datafield>
  <datafield tag="084" ind1=" " ind2=" ">
   <subfield code="a">MR 7100</subfield>
   <subfield code="2">rvk</subfield>
   <subfield code="0">(DE-625)rvk/123539:</subfield>
  </datafield>
  <datafield tag="084" ind1=" " ind2=" ">
   <subfield code="a">08.25</subfield>
   <subfield code="2">bkl</subfield>
  </datafield>
  <datafield tag="100" ind1="1" ind2=" ">
   <subfield code="a">Latour, Bruno</subfield>
   <subfield code="d">1947-2022</subfield>
   <subfield code="0">(DE-588)119404923</subfield>
   <subfield code="0">(DE-627)080218350</subfield>
   <subfield code="0">(DE-576)16191781X</subfield>
   <subfield code="4">aut</subfield>
  </datafield>
  <datafield tag="240" ind1="1" ind2="0">
   <subfield code="a">Nous n'avons jamais été modernes &lt;dt.&gt;</subfield>
  </datafield>
  <datafield tag="245" ind1="1" ind2="0">
   <subfield code="a">Wir sind nie modern gewesen</subfield>
   <subfield code="b">Versuch einer symmetrischen Anthropologie</subfield>
   <subfield code="c">Bruno Latour. Aus d. Franz. von Gustav Roßler</subfield>
  </datafield>
  <datafield tag="250" ind1=" " ind2=" ">
   <subfield code="a">1. Aufl., [Nachdr.]</subfield>
  </datafield>
  <datafield tag="264" ind1=" " ind2="1">
   <subfield code="a">Frankfurt am Main</subfield>
   <subfield code="b">Suhrkamp</subfield>
   <subfield code="c">2011</subfield>
  </datafield>
  <datafield tag="300" ind1=" " ind2=" ">
   <subfield code="a">205 S.</subfield>
   <subfield code="b">graph. Darst.</subfield>
  </datafield>
  <datafield tag="336" ind1=" " ind2=" ">
   <subfield code="a">Text</subfield>
   <subfield code="b">txt</subfield>
   <subfield code="2">rdacontent</subfield>
  </datafield>
  <datafield tag="337" ind1=" " ind2=" ">
   <subfield code="a">ohne Hilfsmittel zu benutzen</subfield>
   <subfield code="b">n</subfield>
   <subfield code="2">rdamedia</subfield>
  </datafield>
  <datafield tag="338" ind1=" " ind2=" ">
   <subfield code="a">Band</subfield>
   <subfield code="b">nc</subfield>
   <subfield code="2">rdacarrier</subfield>
  </datafield>
  <datafield tag="490" ind1="0" ind2=" ">
   <subfield code="a">Suhrkamp Taschenbuch Wissenschaft</subfield>
   <subfield code="v">1861</subfield>
  </datafield>
  <datafield tag="500" ind1=" " ind2=" ">
   <subfield code="a">Literaturverz. S. 193 - 201</subfield>
  </datafield>
  <datafield tag="689" ind1="0" ind2="0">
   <subfield code="d">s</subfield>
   <subfield code="0">(DE-588)4039827-4</subfield>
   <subfield code="0">(DE-627)104658711</subfield>
   <subfield code="0">(DE-576)209036745</subfield>
   <subfield code="a">Moderne</subfield>
   <subfield code="2">gnd</subfield>
  </datafield>
  <datafield tag="689" ind1="0" ind2="1">
   <subfield code="d">s</subfield>
   <subfield code="0">(DE-588)4041358-5</subfield>
   <subfield code="0">(DE-627)104288833</subfield>
   <subfield code="0">(DE-576)209044594</subfield>
   <subfield code="a">Natur</subfield>
   <subfield code="2">gnd</subfield>
  </datafield>
  <datafield tag="689" ind1="0" ind2="2">
   <subfield code="d">s</subfield>
   <subfield code="0">(DE-588)4125698-0</subfield>
   <subfield code="0">(DE-627)104470348</subfield>
   <subfield code="0">(DE-576)209578750</subfield>
   <subfield code="a">Kultur</subfield>
   <subfield code="2">gnd</subfield>
  </datafield>
  <datafield tag="689" ind1="0" ind2="3">
   <subfield code="d">s</subfield>
   <subfield code="0">(DE-588)4133903-4</subfield>
   <subfield code="0">(DE-627)104458313</subfield>
   <subfield code="0">(DE-576)209647760</subfield>
   <subfield code="a">Kulturanthropologie</subfield>
   <subfield code="2">gnd</subfield>
  </datafield>
  <datafield tag="689" ind1="0" ind2=" ">
   <subfield code="5">DE-101</subfield>
  </datafield>
  <datafield tag="689" ind1="1" ind2="0">
   <subfield code="d">p</subfield>
   <subfield code="0">(DE-588)119404923</subfield>
   <subfield code="0">(DE-627)080218350</subfield>
   <subfield code="0">(DE-576)16191781X</subfield>
   <subfield code="a">Latour, Bruno</subfield>
   <subfield code="d">1947-2022</subfield>
   <subfield code="2">gnd</subfield>
  </datafield>
  <datafield tag="689" ind1="1" ind2="1">
   <subfield code="d">s</subfield>
   <subfield code="0">(DE-588)4002230-4</subfield>
   <subfield code="0">(DE-627)10639410X</subfield>
   <subfield code="0">(DE-576)208846212</subfield>
   <subfield code="a">Anthropologie</subfield>
   <subfield code="2">gnd</subfield>
  </datafield>
  <datafield tag="689" ind1="1" ind2=" ">
   <subfield code="5">(DE-627)</subfield>
  </datafield>
  <datafield tag="700" ind1="1" ind2=" ">
   <subfield code="a">Roßler, Gustav</subfield>
   <subfield code="d">1952-</subfield>
   <subfield code="e">Übers.</subfield>
   <subfield code="0">(DE-588)108163202X</subfield>
   <subfield code="0">(DE-627)846375753</subfield>
   <subfield code="0">(DE-576)454568185</subfield>
   <subfield code="4">trl</subfield>
  </datafield>
  <datafield tag="700" ind1="1" ind2="2">
   <subfield code="a">Latour, Bruno</subfield>
   <subfield code="d">1947-2022</subfield>
   <subfield code="t">Nous n'avons jamais été modernes &lt;dt.&gt;</subfield>
  </datafield>
  <datafield tag="935" ind1=" " ind2=" ">
   <subfield code="i">Blocktest</subfield>
  </datafield>
  <datafield tag="936" ind1="r" ind2="v">
   <subfield code="a">CC 6600</subfield>
   <subfield code="b">Abhandlungen</subfield>
   <subfield code="k">Systematische Philosophie</subfield>
   <subfield code="k">Philosophische Anthropologie</subfield>
   <subfield code="k">Abhandlungen</subfield>
   <subfield code="0">(DE-627)1270639021</subfield>
   <subfield code="0">(DE-625)rvk/17661:</subfield>
   <subfield code="0">(DE-576)200639021</subfield>
  </datafield>
  <datafield tag="936" ind1="r" ind2="v">
   <subfield code="a">MQ 3445</subfield>
   <subfield code="b">Primärliteratur</subfield>
   <subfield code="k">Einführung und Geschichte</subfield>
   <subfield code="k">Einzelne Autoren</subfield>
   <subfield code="k">Autoren L</subfield>
   <subfield code="k">Latour, Bruno</subfield>
   <subfield code="k">Primärliteratur</subfield>
   <subfield code="0">(DE-627)1447063058</subfield>
   <subfield code="0">(DE-625)rvk/123448:11633</subfield>
   <subfield code="0">(DE-576)377063053</subfield>
  </datafield>
  <datafield tag="936" ind1="r" ind2="v">
   <subfield code="a">MR 7100</subfield>
   <subfield code="b">Kultursystem, Kulturbegriff (auch theoretische Kulturanthropologie) und Kulturvergleich; Kultursoziologie allgemein</subfield>
   <subfield code="k">Sozialwissenschaftliche Theorien und Methoden</subfield>
   <subfield code="k">Kulturelle Ansätze</subfield>
   <subfield code="k">Kultursystem, Kulturbegriff (auch theoretische Kulturanthropologie) und Kulturvergleich; Kultursoziologie allgemein</subfield>
   <subfield code="0">(DE-627)1270917625</subfield>
   <subfield code="0">(DE-625)rvk/123539:</subfield>
   <subfield code="0">(DE-576)200917625</subfield>
  </datafield>
  <datafield tag="936" ind1="b" ind2="k">
   <subfield code="a">08.25</subfield>
   <subfield code="j">Zeitgenössische westliche Philosophie</subfield>
   <subfield code="0">(DE-627)106403672</subfield>
  </datafield>
  <datafield tag="951" ind1=" " ind2=" ">
   <subfield code="a">BO</subfield>
  </datafield>
  <datafield tag="990" ind1=" " ind2=" ">
   <subfield code="a">Moderne</subfield>
  </datafield>
  <datafield tag="990" ind1=" " ind2=" ">
   <subfield code="a">Natur</subfield>
  </datafield>
  <datafield tag="990" ind1=" " ind2=" ">
   <subfield code="a">Kultur</subfield>
  </datafield>
  <datafield tag="990" ind1=" " ind2=" ">
   <subfield code="a">Kulturanthropologie</subfield>
  </datafield>
  <datafield tag="990" ind1=" " ind2=" ">
   <subfield code="a">Latour, Bruno</subfield>
  </datafield>
  <datafield tag="990" ind1=" " ind2=" ">
   <subfield code="a">Anthropologie</subfield>
  </datafield>
  <datafield tag="999" ind1=" " ind2=" ">
   <subfield code="a">KXP-PPN679690697</subfield>
   <subfield code="e">3197355121</subfield>
  </datafield>
 </record>
</collection>
